00703nam a2200217Ia 450000100060000000800390000602000180004508200140006310000280007724500690010525000120017426000260018630000180021265300130023065300240024365300160026765300240028394200120030795201490031999900170046863744190905n2005 ii |||gr||||Z||||||asm a81-7339-433-4 a891.41409 aDas, Amal ch.,eEditor. 0aBhasa sahitya sambharcEdited by Amal ch. DashTextual Documents aist ed. aAssambBanalatac2005 apg349:c21cm. aAssamese aAssamese literature aG- Assamese aCollection of essay 2ddccBK 001040708General aSKBLbSKBLcG- Assamesed2019-09-05f00000g120.00l0o891.41409 Da 26 Bhp1540/cur2024-01-14 00:00:00t1w2019-09-05yBK c64846d64846